LIBRARY ONLINE CATALOGUE

Freedom and after / (Record no. 13126)

MARC details
000 -LEADER
fixed length control field 00604nam a22002052 4500
001 - CONTROL NUMBER
control field 0000008809
005 - DATE AND TIME OF LATEST TRANSACTION
control field 20151217155836.0
008 - FIXED-LENGTH DATA ELEMENTS--GENERAL INFORMATION
fixed length control field 080609s xx 000 0 eng d
020 ## - INTERNATIONAL STANDARD BOOK NUMBER
International Standard Book Number 9966469745 :
Terms of availability KES 455
040 ## - CATALOGING SOURCE
Original cataloging agency KABU
Transcribing agency KABU
100 1# - MAIN ENTRY--PERSONAL NAME
Personal name Mboya, Tom.
-- 0000149492
245 10 - TITLE STATEMENT
Title Freedom and after /
Statement of responsibility, etc. Tom Mboya.
260 ## - PUBLICATION, DISTRIBUTION, ETC. (IMPRINT)
Place of publication, distribution, etc. Nairobi :
Name of publisher, distributor, etc. E. A. E. P.,
Date of publication, distribution, etc. 1986.
300 ## - PHYSICAL DESCRIPTION
Extent 266 p.
650 #0 - SUBJECT ADDED ENTRY--TOPICAL TERM
Topical term or geographic name as entry element Mboya, Tom.
-- 0000158511
650 #0 - SUBJECT ADDED ENTRY--TOPICAL TERM
Topical term or geographic name as entry element Kenya
General subdivision Politics and government
Chronological subdivision 1963-1969.
-- 0000159569
908 ## - PUT COMMAND PARAMETER (RLIN)
Put command parameter 080609
950 ## - LOCAL HOLDINGS (RLIN)
-- 1
Holdings
Withdrawn status Lost status Source of classification or shelving scheme Not for loan Home library Current library Date acquired Total Checkouts Total Renewals Full call number Barcode Date last seen Date last checked out Price effective from Koha item type
    Library of Congress Classification   Kabarak, Main Campus Kabarak, Main Campus 17/12/2015 6 1 DT433.58 .M36 1986 c. 1 012176 01/11/2023 16/10/2023 17/12/2015 Africana Collection